LEADER 00993nam2 2200265 i 450 001 SUN0001418 005 20150316024653.313 100 $a20070808d2003 |0itac50 ba 101 $aita 102 $aIT 105 $a|||| ||||| 200 1 $aˆ1: ‰Artt. 1-49$fa cura di Raffaele Gargiulo e Alberto Macchia 205 $aNuova ed 210 $aMilano$cGiuffrè$d2003 215 $aXXXIV, 668 p.$d25 cm. 461 1$1001SUN0015586$12001 $aˆ1: ‰Soggetti$v1$1210 $aMilano$cGiuffrè$d2003$1215 $a2 v. (XXXIV, 1265 p. compless.)$d25 cm. 620 $dMilano$3SUNL000284 702 1$aMacchia$b, Alberto$3SUNV003498 702 1$aGargiulo$b, Raffaele$3SUNV047969 712 $aGiuffrè$3SUNV001757$4650 801 $aIT$bSOL$c20181231$gRICA 912 $aSUN0001418 950 $aUFFICIO DI BIBLIOTECA DEL DIPARTIMENTO DI GIURISPRUDENZA$d00CONS XVII.F.7 1.1 $e00 24786 20070808 996 $aArtt. 1-49$91407236 997 $aUNICAMPANIA LEADER 01350nam1 22003373i 450 001 PUV0825058 005 20231121125619.0 100 $a20140515f ||||0itac50 ba 101 | $ager 102 $ade 181 1$6z01$ai $bxxxe 182 1$6z01$an 200 1 $a˜Die œInschriften von Kibyra 210 $aBonn$cR. Hablet 215 $a v.$d30 cm 225 | $aInschriften griechischer Stadte aus Kleinasien$v60 300 $aIn testa al front.: Osterreichische Akademie der Wissenschaften; Nordrhein-Westfalische Akademie der Wissenschaften. 410 0$1001MIL0003632$12001 $aInschriften griechischer Stadte aus Kleinasien$v60 463 1$1001PUV0825062$12001 $a˜1: Die œInschriften der Stadt und ihrer näheren Umgebung$fherausgegeben von Thomas Corsten$v1 606 $aIscrizioni greche$xAsia minore$2FIR$3RMLC378237$9N 676 $a411.7$9Sistemi di scrittura delle forme standard delle lingue. Paleografia ed epigrafia.$v22 676 $a481.1$9GRECO CLASSICO. Sistemi di scrittura$v21 801 3$aIT$bIT-01$c20140515 850 $aIT-FR0017 899 $aBiblioteca umanistica Giorgio Aprea$bFR0017 912 $aPUV0825058 950 1$aBiblioteca umanistica Giorgio Aprea$d 52S.SIJ. FE1 I.K.60 967 $m1 977 $a 52 996 $aInschriften von Kibyra$9670431 997 $aUNICAS